Overcoming hurdles to investment (Record no. 108453)

MARC details
000 -LEADER
fixed length control field 01330cam a22002175a 4500
001 - CONTROL NUMBER
control field L144317
008 - FIXED-LENGTH DATA ELEMENTS--GENERAL INFORMATION
fixed length control field 080710s2008 xxk f 000 0 eng d
035 ## - SYSTEM CONTROL NUMBER
System control number (Sirsi) u144317
041 0# - LANGUAGE CODE
Language code of text/sound track or separate title eng
050 04 - LIBRARY OF CONGRESS CALL NUMBER
Classification number 333.32 $2 18
110 2# - MAIN ENTRY--CORPORATE NAME
Corporate name or jurisdiction name as entry element Cushman and Wakefield
Subordinate unit Business Analytics Group Asia Pacific
9 (RLIN) 5565
245 00 - TITLE STATEMENT
Title Overcoming hurdles to investment
Remainder of title real estate in China's olympic year
Medium [electronic resource]
260 ## - PUBLICATION, DISTRIBUTION, ETC.
Place of publication, distribution, etc. Shanghai
Name of publisher, distributor, etc. Cushman and Wakefield
Date of publication, distribution, etc. 2008
505 2# - FORMATTED CONTENTS NOTE
Formatted contents note The homebuyer market - hot despite cooling measures -- The development market - capital constraints -- Overseas investors - regulatory constraints -- Office property market -- Office investment opportunities -- Residential property market -- Residential investment opportunities -- Retail property market -- Retail investment opportunities -- Hotel market -- Hotel investment opportunities -- Industrial property market -- Industrial investment opportunities -- Conclusion - going for gold
521 ## - TARGET AUDIENCE NOTE
Target audience note Advanced
590 ## - LOCAL NOTE (RLIN)
Local note KA
651 #4 - SUBJECT ADDED ENTRY--GEOGRAPHIC NAME
Geographic name China
690 ## - LOCAL SUBJECT ADDED ENTRY--TOPICAL TERM (OCLC, RLIN)
Topical term or geographic name as entry element PROPERTY-COMMERCIAL PROPERTY-PROPERTY MARKET
856 40 - ELECTRONIC LOCATION AND ACCESS
Uniform Resource Identifier <a href="https://www.cushwake.com/cwglobal/jsp/kcReportDetail.jsp?Country=GLOBAL&Language=EN&catId=100005&pId=c14600005p">https://www.cushwake.com/cwglobal/jsp/kcReportDetail.jsp?Country=GLOBAL&Language=EN&catId=100005&pId=c14600005p</a>
Public note View the report free of charge (you will need to register) at www.cushmanandwakefield.com...
942 ## - ADDED ENTRY ELEMENTS (KOHA)
Suppress in OPAC 0
Holdings
Withdrawn status Lost status Source of classification or shelving scheme Damaged status Not for loan Home library Current library Shelving location Date acquired Total Checkouts Full call number Barcode Date last seen Copy number Price effective from Koha item type
    Dewey Decimal Classification     Virtual Virtual Online 10/07/2008   ONLINE PUBLICATION 144317-1001 06/08/2019 1 06/08/2019 Book